Noem de gaststeden van het EK voetbal in 2020 (2021). - Statistieken

Algemene statistieken
  • Deze quiz is 99 keer genomen
  • De gemiddelde score is 10 van 12
Antwoordstatistieken
Land Steden % Correct
Nederland Amsterdam
98%
Engeland Londen
92%
Italië Rome
91%
Duitsland München
89%
Denemarken Kopenhagen
88%
Ierland Dublin
87%
Roemenië Boekarest
79%
Hongarije Boedapest
78%
Rusland Sint-Petersburg
77%
Schotland Glasgow
64%
Azerbeidzjan Bakoe
63%
Spanje Bilbao
46%
Geen overeenkomende quizzen gevonden
Scoreverdeling
Procent van Mensen met Elke Score
Percentiel versus Aantal Correcte Antwoorden
Uw Scoregeschiedenis
U heeft deze quiz nog niet genomen